| 000 | 00916nam a22002417a 4500 | ||
|---|---|---|---|
| 005 | 20240530110511.0 | ||
| 008 | 151206s2013 sy o g b 000 0 ara d | ||
| 020 | _a9789933433969 | ||
| 040 | _aEG-CaGPL | ||
| 082 | 0 | 4 |
_221 _a956.903\ _bأ ا |
| 100 | 0 | _aاحمد الدبش | |
| 245 | 1 | 0 |
_aاختطاف اورشليم / _cاحمد الدبش |
| 250 | _aط1 | ||
| 260 |
_aدمشق : _bمحاكاة للدراسات و النشر و التوزيع ، _c2013 . |
||
| 300 |
_a116 ص : _bصور ؛ _c24 سم . |
||
| 504 | _aيشتمل على ارجاعات ببليوجرافية | ||
| 650 | 0 | 4 | _aالنزاع العربى الاسرائيلى |
| 650 | 0 | 4 | _aالقضية الفلسطنية |
| 651 | 0 | 4 |
_aفلسطين _xتاريخ _yالعصر الحديث _xالاحتلال الصهيونى |
| 651 | 0 | 4 | _aفلسطين المحتلة ( 1948 - ) |
| 942 |
_2ddc _cBK |
||
| 999 |
_c61690 _d61690 |
||